| 000 | 00337nam a22001337a 4500 | ||
|---|---|---|---|
| 008 | 170523b xxu||||| |||| 00| 0 eng d | ||
| 020 | _a9781568591339 | ||
| 041 | _aeng | ||
| 080 | _a94(100) | ||
| 100 | _a16 | ||
| 101 | _aSHH | ||
| 245 |
_aTURKEY'S RELATIONS WITH IRAN, SYRIA, ISRAEL, AND RUSSIA, 1991-200 _cOLSON, R |
||
| 942 |
_2udc _cBK |
||
| 999 |
_c13920 _d13920 |
||